| 000 | 01001cam a2200205 4500 | ||
|---|---|---|---|
| 001 | ##L133497 | ||
| 008 | 060512n2005 000 0 eng u | ||
| 020 | _a0140515267 | ||
| 035 | _a(Sirsi) u133497 | ||
| 041 | 0 | _aeng | |
| 050 | 0 | 4 | _a624.03 $2 18 |
| 100 | 1 | _aBlockley, David | |
| 245 | 0 | 4 | _aThe new penguin dictionary of civil engineering |
| 260 |
_aLondon _bPenguin Books _c2005 |
||
| 300 |
_axxiv, 533p. _bill. _c20cm. |
||
| 350 | _a15 99 | ||
| 520 | _aThis essential work of reference explains terms, jargon, new technology, and thinking in the field of civil engineering. It defines engineering science theory terms, includes features on sustainability and the environment, risk and safety, ethics and soft systems thinking, and provides web addresses for significant organisations. Covers not only the main fields of civil engineering, but key related fields such as business and finance, transport and water. | ||
| 690 | _aBUILT ENVIRONMENT-ENGINEERING-CIVIL ENGINEERING | ||
| 942 | _n0 | ||
| 999 |
_c105409 _d105409 |
||